| 000 | 00468nam a2200097Ia 4500 | ||
|---|---|---|---|
| 008 | 180130s9999 xx 000 0 und d | ||
| 245 |
_cGhaseminejad, Amir H.; Brantingham, Paul; Brantingham, Patricia _aDistribution of event complexity in the British Columbia court system an analysis based on the CourBC analytical system |
||
| 260 | _c2016 | ||
| 300 | _aBook title: Computer and information security--Acession number C20546; pages 91-97 | ||
| 650 | _aINFORMATION SECURITY | ||
| 999 |
_c354114 _d354114 |
||